000 00566nam a22002297a 4500
003 UA-OsUOA
001 54228
007 ta
008 20080530b un ||||| |||| 00| 0 ukr d
100 _aАрнонкур Н.
090 _a781
_bА84
942 _cBK
040 _aUA-OsUOA
_brus
_cUA-OsUOA
_dUA-OsUOA
245 _aМузыка языком звуков
300 _a192 с.
955 _a2
041 _arus
080 _a781
260 _aМ.
_c2001
650 7 _a781 Теорія музики. Загальні питання
_2UDC
999 _c340315
_d340315